000 00667nam a2200229Ia 4500
003 GCL
008 140319s9999 xx 000 0 ara d
020 _a0003009977
040 _aGCL /
_cGCL
082 0 4 _a709.04
_bف ق
100 1 _aفاروق بسيونى
245 1 0 _aقراءة اللوحة فى الفن الحديث /
_cفاروق بسيونى
250 _aالاولى
260 _aالقاهرة :
_bدار الشروق ،
_c1995
300 _a152 ص ؛
_c22سم
490 _a
650 0 4 _aالفن
650 0 4 _aالفنون التشكيلية
650 0 4 _aالفن الحديث
650 0 4 _aبيكاسو، بابلو
942 _2ddc
_cBK
999 _c44455
_d44455